Formal modeling and verification of distributed failure detectors (Record no. 566280)
[ view plain ]
| 000 -LEADER | |
|---|---|
| fixed length control field | 00386nam a22001337a 4500 |
| 020 ## - INTERNATIONAL STANDARD BOOK NUMBER | |
| International Standard Book Number | 9789038626208 |
| 040 ## - CATALOGING SOURCE | |
| Transcribing agency | NUST |
| 082 ## - DEWEY DECIMAL CLASSIFICATION NUMBER | |
| Classification number | 681.2 |
| Author Mark | ATI |
| 100 ## - MAIN ENTRY--PERSONAL NAME | |
| Personal name | Atif, Muhammad |
| 9 (RLIN) | 55433 |
| 245 ## - TITLE STATEMENT | |
| Title | Formal modeling and verification of distributed failure detectors |
| Statement of responsibility, etc. | Muhammad Atif |
| Medium | English |
| 260 ## - PUBLICATION, DISTRIBUTION, ETC. | |
| Place of publication, distribution, etc. | Samundri, Pakistan |
| Name of publisher, distributor, etc. | Geboren te |
| Date of publication, distribution, etc. | 2011 |
| 300 ## - PHYSICAL DESCRIPTION | |
| Extent | xii, 214 p., |
| 942 ## - ADDED ENTRY ELEMENTS (KOHA) | |
| Source of classification or shelving scheme | |
| Koha item type | Book |
| Withdrawn status | Lost status | Source of classification or shelving scheme | Damaged status | Not for loan | Permanent Location | Current Location | Date acquired | Total Checkouts | Full call number | Barcode | Date last seen | Price effective from | Koha item type |
|---|---|---|---|---|---|---|---|---|---|---|---|---|---|
| Central Library (CL) | Central Library (CL) | 06/19/2021 | 681.2 ATI | CL-D-1076 | 06/19/2021 | 06/19/2021 | Book |
